Buddha's brain : (Record no. 1054)

MARC details
000 -LEADER
fixed length control field 01295cam a2200349 a 4500
005 - DATE AND TIME OF LATEST TRANSACTION
control field 20260322212045.0
008 - FIXED-LENGTH DATA ELEMENTS--GENERAL INFORMATION
fixed length control field data
010 ## - LIBRARY OF CONGRESS CONTROL NUMBER
LC control number 2009023477
015 ## - NATIONAL BIBLIOGRAPHY NUMBER
National bibliography number GBA995177
Source bnb
016 7# - NATIONAL BIBLIOGRAPHIC AGENCY CONTROL NUMBER
Record control number 015381268
Source Uk
020 ## - INTERNATIONAL STANDARD BOOK NUMBER
International Standard Book Number 9781572246959 (pbk. : alk. paper)
020 ## - INTERNATIONAL STANDARD BOOK NUMBER
International Standard Book Number 1572246952 (pbk. : alk. paper)
040 ## - CATALOGING SOURCE
Original cataloging agency DLC
Transcribing agency DLC
Modifying agency DLC
-- BTCTA
-- YDXCP
-- UKM
-- ORX
-- QBX
-- DLC
050 00 - LIBRARY OF CONGRESS CALL NUMBER
Classification number QP360
Item number .H335 2009
082 00 - DEWEY DECIMAL CLASSIFICATION NUMBER
Classification number 612.8
Edition information 22
092 ## - LOCALLY ASSIGNED DEWEY CALL NUMBER (OCLC)
Classification number 612.8 H335 2009
001 - CONTROL NUMBER
control field data
100 1# - MAIN ENTRY--PERSONAL NAME
Personal name Hanson, Rick.
245 10 - TITLE STATEMENT
Title Buddha's brain :
Remainder of title the practical neuroscience of happiness, love & wisdom /
Statement of responsibility, etc. Rick Hanson & Richard Mendius.
260 ## - PUBLICATION, DISTRIBUTION, ETC.
Place of publication, distribution, etc. Oakland, CA :
Name of publisher, distributor, etc. New Harbinger Publications,
Date of publication, distribution, etc. c2009.
300 ## - PHYSICAL DESCRIPTION
Extent x, 251 p. :
Other physical details ill. ;
Dimensions 23 cm.
504 ## - BIBLIOGRAPHY, ETC. NOTE
Bibliography, etc. note Includes bibliographical references (p. [235]-251).
650 #0 - SUBJECT ADDED ENTRY--TOPICAL TERM
Topical term or geographic name entry element Neuropsychology.
650 #0 - SUBJECT ADDED ENTRY--TOPICAL TERM
Topical term or geographic name entry element Happiness.
650 #0 - SUBJECT ADDED ENTRY--TOPICAL TERM
Topical term or geographic name entry element Love.
650 #0 - SUBJECT ADDED ENTRY--TOPICAL TERM
Topical term or geographic name entry element Wisdom.
650 #0 - SUBJECT ADDED ENTRY--TOPICAL TERM
Topical term or geographic name entry element Buddhism and science.
700 1# - ADDED ENTRY--PERSONAL NAME
Personal name Mendius, Richard.
906 ## - LOCAL DATA ELEMENT F, LDF (RLIN)
a 7
b cbc
c orignew
d 1
e ecip
f 20
g y-gencatlg
925 0# -
-- acquire
-- 2 shelf copies
-- policy default
-- claim1 2010-03-17
955 ## - COPY-LEVEL INFORMATION (RLIN)
-- rd13 2009-06-16
-- xh10 2010-04-28 Z-CipVer to BCCD
-- xg22 2010-07-07 copy 2 added
Holdings
Withdrawn status Lost status Damaged status Not for loan Home library Current library Shelving location Date acquired Total checkouts Full call number Barcode Date last seen Price effective from Koha item type
        Centerville Centerville General stacks 22/03/2026   612.8 22 BC0011088 22/03/2026 22/03/2026 Books